Sistemas de comunicación digitales y analógicos (Registro nro. 5428)
[ vista simple ]
| 000 -CABECERA | |
|---|---|
| campo de control de longitud fija | 01210aam a2200421 4500 |
| 005 - FECHA Y HORA DE ACTUALIZACIÓN | |
| campo de control | 20170208103611.0 |
| 008 - LONGITUD FIJA | |
| campo de control de longitud fija | 150513b xxu||||| |||| 00| 0 spa d |
| 041 ## - IDIOMA | |
| Código de idioma del texto/pista de sonido o título separado | |
| 082 ## - CLASIFICACIÓN DECIMAL DEWEY | |
| Número de clasificación | 621.381 C853s |
| 100 ## - AUTOR PERSONAL | |
| Nombre de persona | Couch, Leon |
| 245 ## - TÍTULO PROPIAMENTE DICHO | |
| Título | Sistemas de comunicación digitales y analógicos |
| 260 ## - PIE DE IMPRENTA | |
| Lugar de publicación, distribución, etc. | México |
| 260 ## - PIE DE IMPRENTA | |
| Nombre del editor, distribuidor, etc. | Prentice-Hall |
| 260 ## - PIE DE IMPRENTA | |
| Fecha de publicación, distribución, etc. | 1998 |
| 300 ## - DESCRIPCIÓN FÍSICA | |
| Extensión | 776 páginas |
| 650 ## - Materia General | |
| Materia general | ELECTRÓNICA |
| 650 ## - Materia General | |
| Materia general | SISTEMAS DE COMUNICACIÓN |
| 650 ## - Materia General | |
| Materia general | SENALES DIGITALES |
| 650 ## - Materia General | |
| Materia general | RUIDOS |
| 650 ## - Materia General | |
| Materia general | FOURIER |
| 650 ## - Materia General | |
| Materia general | SISTEMAS LINEALES |
| 650 ## - Materia General | |
| Materia general | PULSO DE BANDABASE |
| 650 ## - Materia General | |
| Materia general | INTERFERENCIA |
| 650 ## - Materia General | |
| Materia general | INTERSÍMBOLOS |
| 650 ## - Materia General | |
| Materia general | MODULACIÓN DELTA |
| 650 ## - Materia General | |
| Materia general | CIRCUITOS |
| 650 ## - Materia General | |
| Materia general | SENALIZACIÓN PASABANDA |
| 650 ## - Materia General | |
| Materia general | SISTEMAS MODULADOS |
| 650 ## - Materia General | |
| Materia general | ANÁLISIS ESPECTRAL |
| 650 ## - Materia General | |
| Materia general | PROCESOS ALEATORIOS |
| 650 ## - Materia General | |
| Materia general | TÉCNICAS MATEMÁTICAS |
| 650 ## - Materia General | |
| Materia general | TABLAS |
| 650 ## - Materia General | |
| Materia general | PROBABILIDAD |
| 650 ## - Materia General | |
| Materia general | VARIABLES |
| 650 ## - Materia General | |
| Materia general | PROTOCOLOS DE CONTROL |
| 650 ## - Materia General | |
| Materia general | OSI |
| 942 ## - Punto de Acceso Adicional Koha | |
| Tipo de ítem Koha | Libro |
| Estado perdido | Estado dañado | No para préstamo | Biblioteca permanente | Biblioteca actual | Signatura completa | Código de barras | Precio efectivo a partir del | Tipo de ítem |
|---|---|---|---|---|---|---|---|---|
| Departamento de Biblioteca y Documentación Alfonso Chase Brenes | Departamento de Biblioteca y Documentación Alfonso Chase Brenes | 621.381 C853s | 9367 | 08/02/2017 | Libro |